مشكلات الأحاديث النبوية / (Record no. 7293)
[ view plain ]
| 000 -الفاتح | |
|---|---|
| حقل البيانات ثابتة الطول | 00748nac a22001811u 4500 |
| 008 - عناصر البيانات ثابتة الطول - معلومات عامة | |
| حقل البيانات ثابتة الطول | 101004s2006 xxu||||| |||| 00| 0 ara d |
| 020 ## - الرقم الدولى المعيارى للكتب | |
| الرقم الدولى المعيارى للكتاب | 9953476500 |
| 082 ## - رقم تصنيف ديوى العشرى | |
| رقم التصنيف | 237.3 |
| رقم المادة | ق ص ي |
| 100 1# - المدخل الرئيسى - إسم شخصى | |
| الإسم الشخصى | القصيمي، عبدالله |
| 9 (RLIN) | 16398 |
| 245 ## - بيان العنوان | |
| العنوان | مشكلات الأحاديث النبوية / |
| بيان المسئوليه,etc | عبد الله القصيمي |
| 250 ## - بيان الطبعة | |
| بيان الطبعة | ط 2 |
| 260 ## - PUBLICATION, DISTRIBUTION, ETC. (IMPRINT) | |
| مكان الناشر او الموزع | بيروت : |
| اسم الناشر او الموزع | الانتشار العربي ،2006 |
| تاريخ النشر أو التوزيع | 2006. |
| 300 ## - الوصف المادى | |
| التعداد | 176 ص ؛ |
| أبعاد الوعاء | 24 سم. |
| 511 ## - | |
| -- | Catalogued by: Sara |
| 650 ## - المدخل الاضافى بالموضوع-مصطلح موضوعى | |
| مصطلح موضوعي أو اسم جغرافي كعنصر مدخل | الحديث |
| 9 (RLIN) | 14743 |
| التقسيم الفرعي العام | شرح |
| 942 ## - عناصر المدخل الإضافي( كوها) | |
| Koha [default] item type | Book - Borrowing |
| سابقة رقم الطلب | 237.3 ق ص ي |
| مصدر التصنيف او مخطط الترفيف | Dewey Decimal Classification |
| حالة التراجع | حالة الفقد | مصدر التصنيف او خطة الترفيف | حالة تلف | ليس للاعارة | مجموعات كوها | المكان الدائم | المكان الحالي | موقع الترفيف | تاريخ الاكتساب | Source of acquisition | رقم الاستدعاء | الباركود | Date last seen | نوع الوعاء |
|---|---|---|---|---|---|---|---|---|---|---|---|---|---|---|
| Dewey Decimal Classification | Alef-Baa | Central Library | Central Library | Lower Floor | 20/01/2008 | 237.3 ق ص ي | 000008850 | 15/07/2025 | Book - Borrowing |